000 01201cam a2200301 a 4500
005 20191224041721.0
008 040316s2003 ck ab r 00010dspa d
020 _a9589674941
040 _ala
_cla
_dCO-BoIAVH
041 0 _aspa
044 _ack
082 0 4 _a918.6
_bC17r
100 1 _aCastaño Uribe, Carlos.
245 1 0 _aRio grande de la Magdalena :
_bColombia /
_cTextos y dirección científica Carlos Castaño Uribe ; fotografía Stephan Riedel, Freddy Gómez y Santiago Montes Veira.
250 _aDirección editorial Santiago Montes Veira.
260 _aCali (Colombia):
_bBanco de Occidente,
_c2003.
300 _a182, [23] páginas :
_bilustraciones y fografías a color, mapas ;
_c33 cm.
500 _aIncluye glosario.
504 _aIncluye bibliografías.
651 4 _aMagdalena (Río, Colombia)
651 4 _aMagdalena (Río, Colombia)
_x Historia.
651 4 _aMagdalena (Río, Colombia)
_x Descripciones y viajes.
700 1 _aGómez, Freddy,
_efotógrafo
700 1 _aRiedel, Stephan,
_efotógrafo
700 1 _aMontes Veira, Santiago,
_efotógrafo, editor
740 0 2 _aColombia.
942 _2ddc
_cLIBRO
_01
999 _c3985
_d3985